<?xml version="1.0" encoding="UTF-8"?>
<record
    xmlns:xsi="http://www.w3.org/2001/XMLSchema-instance"
    xsi:schemaLocation="http://www.loc.gov/MARC21/slim http://www.loc.gov/standards/marcxml/schema/MARC21slim.xsd"
    xmlns="http://www.loc.gov/MARC21/slim">

  <leader>00746nam a2200253 i 4500</leader>
  <controlfield tag="001">C2-0344034</controlfield>
  <controlfield tag="003">PPAK</controlfield>
  <controlfield tag="005">20180728145036.0</controlfield>
  <controlfield tag="008">171210s        my  |||| |||||  |   may d</controlfield>
  <datafield tag="020" ind1=" " ind2=" ">
    <subfield code="a">9789672035084</subfield>
  </datafield>
  <datafield tag="040" ind1=" " ind2=" ">
    <subfield code="a">PPAK</subfield>
    <subfield code="b">eng</subfield>
    <subfield code="c">PPAK</subfield>
    <subfield code="e">rda</subfield>
  </datafield>
  <datafield tag="082" ind1="0" ind2="4">
    <subfield code="a">899.233</subfield>
    <subfield code="2">23</subfield>
  </datafield>
  <datafield tag="090" ind1="0" ind2="0">
    <subfield code="a">899.233</subfield>
    <subfield code="b">AZI</subfield>
    <subfield code="d">G</subfield>
  </datafield>
  <datafield tag="100" ind1="0" ind2=" ">
    <subfield code="a">Azieana, </subfield>
    <subfield code="e">author</subfield>
  </datafield>
  <datafield tag="245" ind1="1" ind2="0">
    <subfield code="a">Jadikanlah dia jodohku</subfield>
  </datafield>
  <datafield tag="264" ind1=" " ind2="1">
    <subfield code="a">Bandar Baru Bangi, Selangor : </subfield>
    <subfield code="b">Kaseh Aries Publication , </subfield>
    <subfield code="c">[date of publication not identified]</subfield>
  </datafield>
  <datafield tag="300" ind1=" " ind2=" ">
    <subfield code="a">523 pages ; </subfield>
    <subfield code="c">18 cm</subfield>
  </datafield>
  <datafield tag="336" ind1=" " ind2=" ">
    <subfield code="2">rdacontent</subfield>
    <subfield code="a">text</subfield>
  </datafield>
  <datafield tag="337" ind1=" " ind2=" ">
    <subfield code="2">rdamedia</subfield>
    <subfield code="a">unmediated</subfield>
  </datafield>
  <datafield tag="338" ind1=" " ind2=" ">
    <subfield code="2">rdacarrier</subfield>
    <subfield code="a">volume</subfield>
  </datafield>
  <datafield tag="650" ind1="1" ind2="0">
    <subfield code="a">Malay fiction.</subfield>
  </datafield>
  <datafield tag="700" ind1="0" ind2=" ">
    <subfield code="a">Editorial Kaseh Aries Publication, </subfield>
    <subfield code="e">editor</subfield>
  </datafield>
  <datafield tag="942" ind1=" " ind2=" ">
    <subfield code="d">dc</subfield>
    <subfield code="c">B</subfield>
  </datafield>
  <datafield tag="999" ind1=" " ind2=" ">
    <subfield code="c">140802</subfield>
    <subfield code="d">140802</subfield>
  </datafield>
  <datafield tag="952" ind1=" " ind2=" ">
    <subfield code="0">0</subfield>
    <subfield code="7">0</subfield>
    <subfield code="b">PD6</subfield>
    <subfield code="c">G</subfield>
    <subfield code="d">2017-12-14</subfield>
    <subfield code="o">899.233 AZI</subfield>
    <subfield code="p">A01550584</subfield>
    <subfield code="r">2018-05-09 00:00:00</subfield>
    <subfield code="y">B</subfield>
  </datafield>
  <datafield tag="952" ind1=" " ind2=" ">
    <subfield code="0">0</subfield>
    <subfield code="7">0</subfield>
    <subfield code="b">PD7</subfield>
    <subfield code="c">G</subfield>
    <subfield code="d">2017-12-14</subfield>
    <subfield code="l">0</subfield>
    <subfield code="o">899.233 AZI</subfield>
    <subfield code="p">A01550585</subfield>
    <subfield code="r">2018-05-09 00:00:00</subfield>
    <subfield code="y">B</subfield>
  </datafield>
  <datafield tag="952" ind1=" " ind2=" ">
    <subfield code="0">0</subfield>
    <subfield code="7">0</subfield>
    <subfield code="b">JT</subfield>
    <subfield code="c">G</subfield>
    <subfield code="d">2017-12-14</subfield>
    <subfield code="l">5</subfield>
    <subfield code="o">899.233 AZI</subfield>
    <subfield code="p">A01550565</subfield>
    <subfield code="r">2025-09-09 13:37:53</subfield>
    <subfield code="s">2025-08-17</subfield>
    <subfield code="y">B</subfield>
  </datafield>
  <datafield tag="952" ind1=" " ind2=" ">
    <subfield code="0">0</subfield>
    <subfield code="7">0</subfield>
    <subfield code="b">LW</subfield>
    <subfield code="c">G</subfield>
    <subfield code="d">2017-12-14</subfield>
    <subfield code="l">9</subfield>
    <subfield code="m">4</subfield>
    <subfield code="o">899.233 AZI</subfield>
    <subfield code="p">A01550566</subfield>
    <subfield code="r">2024-10-29 15:27:10</subfield>
    <subfield code="s">2024-10-07</subfield>
    <subfield code="y">B</subfield>
  </datafield>
  <datafield tag="952" ind1=" " ind2=" ">
    <subfield code="0">0</subfield>
    <subfield code="7">0</subfield>
    <subfield code="b">BB</subfield>
    <subfield code="c">G</subfield>
    <subfield code="d">2017-12-14</subfield>
    <subfield code="l">2</subfield>
    <subfield code="o">899.233 AZI</subfield>
    <subfield code="p">A01550569</subfield>
    <subfield code="r">2024-03-07 15:44:46</subfield>
    <subfield code="s">2024-02-18</subfield>
    <subfield code="y">B</subfield>
  </datafield>
  <datafield tag="952" ind1=" " ind2=" ">
    <subfield code="0">0</subfield>
    <subfield code="7">0</subfield>
    <subfield code="b">MR</subfield>
    <subfield code="c">G</subfield>
    <subfield code="d">2017-12-14</subfield>
    <subfield code="l">6</subfield>
    <subfield code="m">1</subfield>
    <subfield code="o">899.233 AZI</subfield>
    <subfield code="p">A01550570</subfield>
    <subfield code="r">2023-03-29 00:00:00</subfield>
    <subfield code="s">2023-03-22</subfield>
    <subfield code="y">B</subfield>
  </datafield>
  <datafield tag="952" ind1=" " ind2=" ">
    <subfield code="0">0</subfield>
    <subfield code="7">0</subfield>
    <subfield code="b">YN</subfield>
    <subfield code="c">G</subfield>
    <subfield code="d">2017-12-14</subfield>
    <subfield code="l">2</subfield>
    <subfield code="o">899.233 AZI</subfield>
    <subfield code="p">A01550571</subfield>
    <subfield code="r">2020-08-30 00:00:00</subfield>
    <subfield code="s">2020-08-09</subfield>
    <subfield code="y">B</subfield>
  </datafield>
  <datafield tag="952" ind1=" " ind2=" ">
    <subfield code="0">0</subfield>
    <subfield code="7">0</subfield>
    <subfield code="b">B5</subfield>
    <subfield code="c">G</subfield>
    <subfield code="d">2017-12-14</subfield>
    <subfield code="o">899.233 AZI</subfield>
    <subfield code="p">A01550578</subfield>
    <subfield code="r">2018-05-09 00:00:00</subfield>
    <subfield code="y">B</subfield>
  </datafield>
  <datafield tag="952" ind1=" " ind2=" ">
    <subfield code="0">0</subfield>
    <subfield code="7">0</subfield>
    <subfield code="b">PD1</subfield>
    <subfield code="c">G</subfield>
    <subfield code="d">2017-12-14</subfield>
    <subfield code="o">899.233 AZI</subfield>
    <subfield code="p">A01550579</subfield>
    <subfield code="r">2018-05-09 00:00:00</subfield>
    <subfield code="y">B</subfield>
  </datafield>
  <datafield tag="952" ind1=" " ind2=" ">
    <subfield code="0">0</subfield>
    <subfield code="7">0</subfield>
    <subfield code="b">PD3</subfield>
    <subfield code="c">G</subfield>
    <subfield code="d">2017-12-14</subfield>
    <subfield code="o">899.233 AZI</subfield>
    <subfield code="p">A01550581</subfield>
    <subfield code="r">2018-05-09 00:00:00</subfield>
    <subfield code="y">B</subfield>
  </datafield>
</record>
